[Event "East Bay op"]
[Site "Oakland USA"]
[Date "2006.12.17"]
[Round "3"]
[White "Roussel-Roozmon, Thomas"]
[Black "Milman, Lev"]
[Result "0-1"]
[WhiteElo "2430"]
[BlackElo "2473"]
[PlyCount "122"]
[EventDate "2006.12.16"]
[EventType "swiss"]
[EventRounds "9"]
[EventCountry "USA"]
[Source "ChessBase"]
[SourceDate "2007.11.25"]

1. Nf3 Nf6 2. c4 c6 3. d4 d5 4. e3 Bf5 5. Nc3 e6 6. Nh4 Bg6 7. Nxg6 hxg6 8. a3
Nbd7 9. g3 Be7 10. f4 dxc4 11. Bxc4 c5 12. dxc5 Nxc5 13. Qf3 O-O 14. O-O Rc8
15. Qe2 Qc7 16. Bd2 Qb6 17. b4 Nce4 18. Nxe4 Nxe4 19. Rac1 Bf6 20. Bd3 Nxd2 21.
Qxd2 Rxc1 22. Qxc1 Bb2 23. Qxb2 Qxe3+ 24. Qf2 Qxd3 25. Qxa7 b5 26. a4 bxa4 27.
Qxa4 Qd4+ 28. Kg2 Rd8 29. Qb3 Qe4+ 30. Qf3 Qxb4 31. h4 Qc4 32. Rf2 Rd3 33. Qg4
Qd5+ 34. Kh2 Re3 35. Qh3 Rf3 36. Qg2 Rxf2 37. Qxf2 Kh7 38. Qe2 Qf5 39. Kg2 Qh5
40. Qe3 Qd5+ 41. Kh2 Qa2+ 42. Kh3 Qc2 43. g4 Qd1 44. g5 Qd5 45. Kg3 Qh1 46. Qd4
Qe1+ 47. Kh3 Qf1+ 48. Kg3 Qe2 49. Qc3 Qe4 50. Qc7 Qe3+ 51. Kg2 Qe2+ 52. Kg3
Qe1+ 53. Kh3 Qf2 54. h5 Qf3+ 55. Kh2 Qe2+ 56. Kg1 gxh5 57. Qxf7 h4 58. Qe8 Qe1+
59. Kg2 Qg3+ 60. Kf1 Qf3+ 61. Kg1 h3 0-1

[Event "East Bay op"]
[Site "Oakland USA"]
[Date "2006.12.17"]
[Round "4"]
[White "Tuvshintugs, Batchimeg"]
[Black "Roussel-Roozmon, Thomas"]
[Result "0-1"]
[WhiteElo "2209"]
[BlackElo "2430"]
[PlyCount "100"]
[EventDate "2006.12.16"]
[EventType "swiss"]
[EventRounds "9"]
[EventCountry "USA"]
[Source "ChessBase"]
[SourceDate "2007.11.25"]

1. e4 e5 2. Nf3 Nc6 3. Bb5 Nf6 4. d3 d6 5. Nbd2 g6 6. Nf1 a6 7. Ba4 b5 8. Bb3
Na5 9. Ng3 Bg7 10. h3 Bb7 11. Be3 c5 12. O-O O-O 13. c3 Nxb3 14. Qxb3 Qe7 15.
Rae1 Rfe8 16. Nd2 d5 17. Qa3 c4 18. Qxe7 Rxe7 19. Bc5 Ree8 20. dxc4 dxc4 21.
Nb1 h5 22. f3 Nd7 23. Be3 Bf8 24. Rd1 Nc5 25. Rd2 Rad8 26. Rfd1 Rxd2 27. Rxd2
f6 28. Nh1 Kf7 29. Nf2 Ke6 30. Kf1 f5 31. exf5+ gxf5 32. Re2 Kf6 33. f4 exf4
34. Bxc5 Rxe2 35. Bd4+ Re5 36. Nd2 Ke6 37. Bxe5 Kxe5 38. Nf3+ Kf6 39. Ke2 Bc5
40. Nd1 Be4 41. Ne1 Bb1 42. a3 Be4 43. Nf3 Bd3+ 44. Ke1 Be3 45. Nf2 Be4 46. Nd1
Bc1 47. Ke2 Bd3+ 48. Ke1 Bc2 49. Nd2 Ke5 50. Nf3+ Kd5 0-1

[Event "East Bay op"]
[Site "Oakland USA"]
[Date "2006.12.19"]
[Round "6"]
[White "Rensch, Daniel"]
[Black "Roussel-Roozmon, Thomas"]
[Result "1/2-1/2"]
[WhiteElo "2356"]
[BlackElo "2430"]
[PlyCount "47"]
[EventDate "2006.12.16"]
[EventType "swiss"]
[EventRounds "9"]
[EventCountry "USA"]
[Source "ChessBase"]
[SourceDate "2007.11.25"]

1. e4 e5 2. Nf3 Nc6 3. d4 exd4 4. Nxd4 Bc5 5. Be3 Qf6 6. c3 Nge7 7. g3 d5 8.
Bg2 Bxd4 9. cxd4 dxe4 10. Nc3 O-O 11. O-O Rd8 12. d5 Nxd5 13. Nxd5 Qe5 14. Bf4
Qxd5 15. Qxd5 Rxd5 16. Bxe4 Rd4 17. Rfe1 Be6 18. Bxc7 Bd5 19. Bxd5 Rxd5 20.
Rad1 Rxd1 21. Rxd1 Kf8 22. b4 Rc8 23. Bf4 Rd8 24. Rb1 1/2-1/2

[Event "East Bay op"]
[Site "Oakland USA"]
[Date "2006.12.20"]
[Round "7"]
[White "Friedel, Joshua"]
[Black "Roussel-Roozmon, Thomas"]
[Result "1-0"]
[WhiteElo "2480"]
[BlackElo "2430"]
[PlyCount "81"]
[EventDate "2006.12.16"]
[EventType "swiss"]
[EventRounds "9"]
[EventCountry "USA"]
[Source "ChessBase"]
[SourceDate "2007.11.25"]

1. e4 e5 2. Nf3 Nc6 3. Bb5 Nf6 4. O-O Nxe4 5. d4 Nd6 6. Bxc6 dxc6 7. dxe5 Nf5
8. Qxd8+ Kxd8 9. Nc3 Bd7 10. h3 h6 11. Bf4 Kc8 12. Rad1 b6 13. Rd3 Be6 14. b3
Kb7 15. Rfd1 a5 16. Bh2 c5 17. Rd8 Rxd8 18. Rxd8 Ne7 19. Rd2 Nc6 20. Nd5 Be7
21. Nf4 Bf5 22. c3 Rd8 23. g4 Be4 24. Rxd8 Nxd8 25. Nd2 Bc2 26. Nd5 Bf8 27. Ne3
Bd3 28. f4 Ne6 29. Kf2 g6 30. Bg3 Kc6 31. h4 Ng7 32. Nec4 Kd5 33. Ke3 Bxc4 34.
bxc4+ Ke6 35. h5 Be7 36. Ke4 c6 37. Nf1 b5 38. Ne3 f5+ 39. exf6 Bxf6 40. hxg6
Bxc3 41. f5+ 1-0

[Event "East Bay op"]
[Site "Oakland USA"]
[Date "2006.12.22"]
[Round "9"]
[White "Roussel-Roozmon, Thomas"]
[Black "Sharavdorj, Dashzeveg"]
[Result "1/2-1/2"]
[WhiteElo "2430"]
[BlackElo "2454"]
[PlyCount "63"]
[EventDate "2006.12.16"]
[EventType "swiss"]
[EventRounds "9"]
[EventCountry "USA"]
[Source "ChessBase"]
[SourceDate "2007.11.25"]

1. d4 Nf6 2. c4 e6 3. Nc3 Bb4 4. Qc2 c5 5. dxc5 O-O 6. a3 Bxc5 7. Nf3 b6 8. Bf4
Bb7 9. Rd1 Nc6 10. b4 Nh5 11. Bc1 Be7 12. e3 a5 13. b5 Nb8 14. Be2 d6 15. O-O
Nd7 16. a4 Nhf6 17. Ba3 Qc7 18. Rc1 Rac8 19. Rfd1 Nc5 20. Nd4 Nfe4 21. Bxc5
Nxc3 22. Qxc3 Qxc5 23. Bf3 Bxf3 24. gxf3 Bf6 25. Qd3 Bxd4 26. Qxd4 Rfd8 27. f4
Qc7 28. Rd3 Qb8 29. Rcd1 Rc5 30. Qe4 g6 31. Rd4 Qc7 32. Qd3 1/2-1/2

[Event "Laval XXII"]
[Site "Laval CAN"]
[Date "2006.11.24"]
[Round "1"]
[White "Benoit-Deschamps, Jean-Marc"]
[Black "Roussel-Roozmon, Thomas"]
[Result "0-1"]
[WhiteElo "2095"]
[BlackElo "2434"]
[PlyCount "76"]
[EventDate "2006.11.24"]
[EventType "swiss"]
[EventRounds "5"]
[EventCountry "CAN"]

1. d4 Nf6 2. c4 e6 3. Nc3 Bb4 4. e3 O-O 5. Nge2 Re8 6. a3 Bf8 7. d5 a5 8. g3
Na6 9. Bg2 Nc5 10. O-O exd5 11. cxd5 b6 12. Qc2 Ba6 13. Rd1 a4 14. Nd4 Bc4 15.
Ne4 Bb3 16. Nxf6+ Qxf6 17. Nxb3 axb3 18. Qc4 Ra4 19. Qf1 Bd6 20. f3 Be5 21. Rb1
Qg6 22. e4 f5 23. f4 Bd4+ 24. Rxd4 Rxd4 25. e5 Rd3 26. Qe2 Qg4 27. Qxg4 fxg4
28. Kf2 Rd1 29. Ke2 Rg1 30. Bf1 Rh1 31. Bd2 d6 32. Bc3 dxe5 33. fxe5 Ne4 34.
Bd4 Rxh2+ 35. Ke3 Nxg3 36. Bc4 Nf5+ 37. Ke4 Nd6+ 38. Kd3 Rh3+ 0-1

[Event "Laval XXII"]
[Site "Laval CAN"]
[Date "2006.11.25"]
[Round "2"]
[White "Roussel-Roozmon, Thomas"]
[Black "Levkovsky, Alexandre"]
[Result "1-0"]
[WhiteElo "2434"]
[BlackElo "2159"]
[PlyCount "79"]
[EventDate "2006.11.24"]
[EventType "swiss"]
[EventRounds "5"]
[EventCountry "CAN"]

1. Nf3 Nf6 2. c4 e6 3. g3 Nc6 4. Bg2 e5 5. O-O Be7 6. d4 exd4 7. Nxd4 Ne5 8.
Nf5 O-O 9. Nxe7+ Qxe7 10. b3 d6 11. Nc3 Rb8 12. Bb2 Re8 13. h3 Bd7 14. e4 Ng6
15. Qd2 Bc6 16. Rfe1 a6 17. Kh2 Nd7 18. Nd5 Qd8 19. Nb4 Ne7 20. Rad1 f6 21. f4
Nf8 22. Qf2 Qc8 23. Nxc6 Nxc6 24. c5 dxc5 25. Qxc5 Kh8 26. h4 Qg4 27. Qc3 Rbd8
28. Bf3 Qe6 29. h5 Qf7 30. h6 Ne6 31. hxg7+ Kxg7 32. Rd5 Qg6 33. Red1 Ned4 34.
R1xd4 Nxd4 35. Qxd4 Rxd5 36. Qxd5 c6 37. Qd7+ Kf8 38. Bxf6 Qf7 39. Qxf7+ Kxf7
40. Bh5+ 1-0

[Event "Laval XXII"]
[Site "Laval CAN"]
[Date "2006.11.26"]
[Round "5"]
[White "Roussel-Roozmon, Thomas"]
[Black "Bolduc, Steve"]
[Result "1-0"]
[WhiteElo "2442"]
[BlackElo "2315"]
[PlyCount "65"]
[EventDate "2006.11.24"]
[EventType "swiss"]
[EventRounds "5"]
[EventCountry "CAN"]

1. Nf3 d5 2. d4 Nc6 3. c4 Bg4 4. Nc3 Bxf3 5. exf3 dxc4 6. d5 Ne5 7. Bf4 Ng6 8.
Be3 Ne5 9. Bxc4 Nxc4 10. Qa4+ c6 11. Qxc4 Rc8 12. Bxa7 b5 13. Qb3 b4 14. Qxb4
e6 15. d6 Bxd6 16. Bc5 Bxc5 17. Qxc5 Ne7 18. O-O O-O 19. b4 Nd5 20. Ne4 Qd7 21.
a4 Rb8 22. Rab1 Rb6 23. b5 cxb5 24. Rxb5 Rxb5 25. Qxb5 Qa7 26. Ra1 Rb8 27. Qc4
Qa5 28. g3 h6 29. Qc5 Qa6 30. a5 f5 31. Qd6 Rb6 32. axb6 Qxa1+ 33. Kg2 1-0

[Event "Monteregie"]
[Site "St-Hyacinthe CAN"]
[Date "2006.11.19"]
[Round "4"]
[White "Bolduc, Steve"]
[Black "Roussel-Roozmon, Thomas"]
[Result "1/2-1/2"]
[WhiteElo "2309"]
[BlackElo "2434"]
[PlyCount "44"]
[EventDate "2006.11.17"]
[EventType "swiss"]
[EventRounds "5"]
[EventCountry "CAN"]

1. d4 Nf6 2. Nf3 d5 3. c4 e6 4. g3 dxc4 5. Bg2 a6 6. O-O Nc6 7. Nc3 Rb8 8. e4
Be7 9. d5 exd5 10. exd5 Nb4 11. Ne5 Bf5 12. a3 Nd3 13. Nxc4 Nxc1 14. Rxc1 O-O
15. Qd4 Ne8 16. Ne4 Bxe4 17. Qxe4 Nd6 18. Qd3 Nxc4 19. Rxc4 Bd6 20. Re1 Re8 21.
Rxe8+ Qxe8 22. Re4 Qd7 1/2-1/2

[Event "CAN-ch"]
[Site "Toronto CAN"]
[Date "2006.08.19"]
[Round "2"]
[White "Predescu, Sebastian"]
[Black "Roussel-Roozmon, Thomas"]
[Result "0-1"]
[WhiteElo "2222"]
[BlackElo "2430"]
[PlyCount "96"]
[EventDate "2006.08.18"]
[EventType "swiss"]
[EventRounds "9"]
[EventCountry "CAN"]
[Source "Mark Crowther"]
[SourceDate "2006.08.21"]

1. e4 e5 2. Nf3 Nc6 3. Bc4 Nf6 4. d3 Be7 5. O-O O-O 6. Re1 d6 7. c3 Na5 8. Bb5
a6 9. Ba4 c5 10. Nbd2 Qc7 11. Nf1 Be6 12. Ng3 b5 13. Bc2 Nc6 14. d4 cxd4 15.
cxd4 exd4 16. Nf5 Bxf5 17. exf5 Rfe8 18. Bg5 Qb6 19. Rc1 Rac8 20. Qd2 d5 21.
Qf4 Nh5 22. Qh4 Bxg5 23. Qxg5 Nf6 24. Qf4 Rxe1+ 25. Rxe1 Qc7 26. Qxc7 Rxc7 27.
Bb3 Kf8 28. Rc1 Ke7 29. Nxd4 Kd6 30. Nxc6 Rxc6 31. Re1 a5 32. Kf1 a4 33. Bd1
Rc1 34. Bf3 Rxe1+ 35. Kxe1 Kc5 36. Be2 Ne4 37. Bd3 Nd6 38. Kd2 f6 39. f3 Nc4+
40. Bxc4 bxc4 41. Kc3 d4+ 42. Kc2 Kb4 43. a3+ Kc5 44. Kd2 Kd5 45. g3 Ke5 46. g4
Kf4 47. Ke2 h5 48. h3 Kg3 0-1

[Event "CAN-ch"]
[Site "Toronto CAN"]
[Date "2006.08.20"]
[Round "3"]
[White "Roussel-Roozmon, Thomas"]
[Black "Milicevic, Goran"]
[Result "1-0"]
[WhiteElo "2430"]
[BlackElo "2305"]
[PlyCount "99"]
[EventDate "2006.08.18"]
[EventType "swiss"]
[EventRounds "9"]
[EventCountry "CAN"]
[Source "Mark Crowther"]
[SourceDate "2006.08.21"]

1. Nf3 d5 2. d4 Nf6 3. c4 dxc4 4. e3 Be6 5. Nc3 c6 6. Ng5 Bf5 7. Bxc4 e6 8. e4
Bg6 9. f3 Be7 10. Nh3 O-O 11. Be3 Nbd7 12. Bb3 Qa5 13. O-O Rad8 14. Qe2 e5 15.
dxe5 Nxe5 16. Nf4 Nfd7 17. a3 Bc5 18. Ba2 Qb6 19. Bf2 Bxf2+ 20. Qxf2 Kh8 21.
Rad1 Nc5 22. b4 Ncd3 23. Nxd3 Nxd3 24. Qxb6 axb6 25. Rd2 Nf4 26. Rfd1 Ra8 27.
a4 h5 28. g3 Ne6 29. f4 Nd8 30. Kf2 Re8 31. Rd7 Kg8 32. Kf3 Kf8 33. f5 Bh7 34.
Kf4 f6 35. h3 Rc8 36. g4 hxg4 37. hxg4 Bg8 38. Bxg8 Kxg8 39. g5 fxg5+ 40. Kxg5
Nf7+ 41. Kf4 c5 42. b5 Rcd8 43. Rxd8 Rxd8 44. Rxd8+ Nxd8 45. Nd5 Kf7 46. Nxb6
Ke7 47. e5 Nf7 48. a5 Nd8 49. Ke4 Kf7 50. Kd5 1-0

[Event "CAN-ch"]
[Site "Toronto CAN"]
[Date "2006.08.21"]
[Round "4"]
[White "Krnan, Tomas"]
[Black "Roussel-Roozmon, Thomas"]
[Result "1/2-1/2"]
[WhiteElo "2399"]
[BlackElo "2430"]
[PlyCount "61"]
[EventDate "2006.08.18"]
[EventType "swiss"]
[EventRounds "9"]
[EventCountry "CAN"]
[Source "Mark Crowther"]
[SourceDate "2006.08.28"]

1. e4 e5 2. Nf3 Nc6 3. Bb5 Nf6 4. d3 d6 5. O-O g6 6. c3 Bg7 7. Re1 O-O 8. d4
Bd7 9. Bg5 a6 10. dxe5 dxe5 11. Bc4 h6 12. Bh4 Qe8 13. Nbd2 Nh5 14. Nf1 Nf4 15.
Ne3 Ne7 16. Bg3 c6 17. Bf1 Be6 18. Nc4 Bxc4 19. Bxc4 Qd8 20. Qc1 g5 21. Rd1 Qc7
22. h4 g4 23. Nd4 Rad8 24. Qe3 h5 25. Nf5 Nxf5 26. exf5 Bf6 27. a4 Kg7 28. Qe4
Rxd1+ 29. Rxd1 Rd8 30. Rxd8 Qxd8 31. Bxf4 1/2-1/2

[Event "CAN-ch"]
[Site "Toronto CAN"]
[Date "2006.08.22"]
[Round "5"]
[White "Roussel-Roozmon, Thomas"]
[Black "Bluvshtein, Mark"]
[Result "1/2-1/2"]
[WhiteElo "2430"]
[BlackElo "2541"]
[PlyCount "47"]
[EventDate "2006.08.18"]
[EventType "swiss"]
[EventRounds "9"]
[EventCountry "CAN"]
[Source "Mark Crowther"]
[SourceDate "2006.08.28"]

1. Nf3 c5 2. c4 Nf6 3. Nc3 Nc6 4. d4 cxd4 5. Nxd4 e6 6. a3 Be7 7. e4 O-O 8. Nf3
b6 9. Be2 d6 10. Bf4 Bb7 11. O-O a6 12. Rc1 Rc8 13. Qd3 Na5 14. Nd2 Nc6 15.
Rfd1 Ne5 16. Qg3 Qc7 17. b4 Rfd8 18. Be3 Ned7 19. f3 Qb8 20. Qf2 Ba8 21. Na4
Rc6 22. Nb3 Rdc8 23. Nd4 R6c7 24. Nb3 1/2-1/2

[Event "CAN-ch"]
[Site "Toronto CAN"]
[Date "2006.08.23"]
[Round "6"]
[White "Mikanovic, Goran"]
[Black "Roussel-Roozmon, Thomas"]
[Result "1/2-1/2"]
[WhiteElo "2284"]
[BlackElo "2430"]
[PlyCount "110"]
[EventDate "2006.08.18"]
[EventType "swiss"]
[EventRounds "9"]
[EventCountry "CAN"]
[Source "Mark Crowther"]
[SourceDate "2006.08.28"]

1. d4 e6 2. g3 Nf6 3. Bg2 d5 4. Nf3 Be7 5. O-O O-O 6. c4 c6 7. Nc3 b6 8. Ne5
Bb7 9. cxd5 cxd5 10. Qa4 Nbd7 11. Bf4 Nxe5 12. Bxe5 Qd7 13. Qxd7 Nxd7 14. Bf4
g5 15. Bd2 f5 16. Rfc1 Rfc8 17. Bf1 Ba6 18. Nd1 Kf7 19. Rxc8 Rxc8 20. Rc1 Rxc1
21. Bxc1 Bf6 22. e3 Bxf1 23. Kxf1 g4 24. Nc3 a6 25. Kg2 Be7 26. h3 h5 27. hxg4
hxg4 28. Kf1 Nf6 29. Ne2 Bd6 30. Bd2 Ke7 31. Nc1 Kd7 32. Nd3 a5 33. Ke2 Kc6 34.
Kd1 Kb5 35. Kc2 Nd7 36. Bc3 Nb8 37. b3 Nc6 38. Bd2 Ka6 39. a4 b5 40. Bc3 b4 41.
Bb2 Kb6 42. Kd2 Ne7 43. Ke2 Ng8 44. Bc1 Kc6 45. Bb2 Nf6 46. Bc1 Ne4 47. Bb2 Kd7
48. Ke1 Ke7 49. Ke2 Kf6 50. Ke1 Ng5 51. Ke2 Nf3 52. Ba1 Ng1+ 53. Kf1 Nh3 54.
Bb2 Ng5 55. Ke2 Ne4 1/2-1/2

[Event "CAN-ch"]
[Site "Toronto CAN"]
[Date "2006.08.24"]
[Round "7"]
[White "Zugic, Igor"]
[Black "Roussel-Roozmon, Thomas"]
[Result "1-0"]
[WhiteElo "2467"]
[BlackElo "2430"]
[PlyCount "101"]
[EventDate "2006.08.18"]
[EventType "swiss"]
[EventRounds "9"]
[EventCountry "CAN"]
[Source "Mark Crowther"]
[SourceDate "2006.08.28"]

1. d4 Nf6 2. c4 e6 3. Nf3 d5 4. Nc3 Bb4 5. e3 O-O 6. a3 Bxc3+ 7. bxc3 c5 8. Bd3
Nc6 9. O-O dxc4 10. Bxc4 Qc7 11. Be2 Rd8 12. Qc2 e5 13. h3 e4 14. Nd2 Bf5 15.
Nb3 cxd4 16. cxd4 Rac8 17. Qb2 Nd5 18. Bd2 Rd6 19. f4 exf3 20. Bxf3 Re8 21. Nc5
b6 22. e4 Nxd4 23. Na6 Qc4 24. exd5 Bd3 25. Qb4 Bxf1 26. Rxf1 Nxf3+ 27. Rxf3
Qxb4 28. axb4 Rxd5 29. Nc7 Rxd2 30. Nxe8 a5 31. bxa5 bxa5 32. Nc7 Ra2 33. Nb5
a4 34. Rf4 g6 35. Nc3 Ra1+ 36. Kh2 a3 37. Ra4 h5 38. Nb5 a2 39. Nc3 Kg7 40.
Rxa2 Rc1 41. Ne4 Rc4 42. Re2 h4 43. Nd6 Rc6 44. Rd2 f5 45. Rd4 Kf6 46. Nc4 g5
47. Rd6+ Rxd6 48. Nxd6 g4 49. Nc4 Kg5 50. Kg1 f4 51. Ne5 1-0

[Event "CAN-ch"]
[Site "Toronto CAN"]
[Date "2006.08.25"]
[Round "8"]
[White "Roussel-Roozmon, Thomas"]
[Black "Khassanov, Marat"]
[Result "1/2-1/2"]
[WhiteElo "2430"]
[BlackElo "2314"]
[PlyCount "31"]
[EventDate "2006.08.18"]
[EventType "swiss"]
[EventRounds "9"]
[EventCountry "CAN"]
[Source "Mark Crowther"]
[SourceDate "2006.08.28"]

1. Nf3 d5 2. d4 Nf6 3. c4 e6 4. g3 dxc4 5. Bg2 c6 6. Ne5 Nfd7 7. Nxc4 b5 8.
Ncd2 Qb6 9. Nb3 Bb7 10. O-O c5 11. Bxb7 Qxb7 12. a4 b4 13. N1d2 cxd4 14. Nxd4
Bc5 15. N2b3 O-O 16. Nxc5 1/2-1/2

[Event "Montreal int. B"]
[Site "Montreal CAN"]
[Date "2006.08.08"]
[Round "1"]
[White "Roussel-Roozmon, Thomas"]
[Black "Lawson, Eric"]
[Result "1-0"]
[WhiteElo "2430"]
[BlackElo "2393"]
[PlyCount "63"]
[EventDate "2006.08.08"]
[EventType "tourn"]
[EventRounds "9"]
[EventCountry "CAN"]
[EventCategory "9"]

1. Nf3 Nf6 2. c4 c5 3. Nc3 d6 4. g3 b6 5. Bg2 Bb7 6. O-O a6 7. Re1 e6 8. e4
Nbd7 9. d4 cxd4 10. Nxd4 Qc7 11. Nd5 exd5 12. exd5+ Kd8 13. Nc6+ Bxc6 14. dxc6
Nc5 15. b4 Ne6 16. c5 Be7 17. cxb6 Qxb6 18. Be3 Qc7 19. a4 Rb8 20. b5 axb5 21.
axb5 Rxb5 22. Ra8+ Rb8 23. Ra7 Qc8 24. Bf4 Ke8 25. c7 Rb4 26. Bc6+ Kf8 27. Ra8
Qxa8 28. Bxa8 Rc4 29. Bxd6 Ne8 30. Bxe7+ Kxe7 31. Qd8+ Kf8 32. c8=Q 1-0

[Event "Montreal int. B"]
[Site "Montreal CAN"]
[Date "2006.08.09"]
[Round "2"]
[White "Mitkov, Nikola"]
[Black "Roussel-Roozmon, Thomas"]
[Result "1/2-1/2"]
[WhiteElo "2563"]
[BlackElo "2430"]
[PlyCount "40"]
[EventDate "2006.08.08"]
[EventType "tourn"]
[EventRounds "9"]
[EventCountry "CAN"]
[EventCategory "9"]

1. e4 e5 2. Bc4 Nf6 3. d3 c6 4. Bb3 d5 5. Nf3 Bd6 6. exd5 cxd5 7. O-O Nc6 8.
Bg5 Be6 9. Nc3 Qa5 10. Bd2 Qd8 11. Bg5 Qa5 12. Qe1 d4 13. Nb1 Qxe1 14. Rxe1 Nd5
15. Na3 Bxa3 16. bxa3 f6 17. Bd2 O-O-O 18. Kf1 Rhe8 19. Rab1 Rd7 20. Ng1 g5
1/2-1/2

[Event "Montreal int. B"]
[Site "Montreal CAN"]
[Date "2006.08.10"]
[Round "3"]
[White "Roussel-Roozmon, Thomas"]
[Black "Huzman, Alexander"]
[Result "1/2-1/2"]
[WhiteElo "2430"]
[BlackElo "2585"]
[PlyCount "30"]
[EventDate "2006.08.08"]
[EventType "tourn"]
[EventRounds "9"]
[EventCountry "CAN"]
[EventCategory "9"]

1. d4 d5 2. c4 c6 3. Nf3 Nf6 4. cxd5 cxd5 5. Nc3 Nc6 6. Bf4 Bf5 7. e3 e6 8. Bd3
Bxd3 9. Qxd3 Be7 10. h3 O-O 11. O-O a6 12. Rfc1 Rc8 13. Bg5 Nd7 14. Bxe7 Qxe7
15. Nd2 Rc7 1/2-1/2

[Event "Montreal int. B"]
[Site "Montreal CAN"]
[Date "2006.08.11"]
[Round "4"]
[White "Krnan, Tomas"]
[Black "Roussel-Roozmon, Thomas"]
[Result "1/2-1/2"]
[WhiteElo "2399"]
[BlackElo "2430"]
[PlyCount "86"]
[EventDate "2006.08.08"]
[EventType "tourn"]
[EventRounds "9"]
[EventCountry "CAN"]
[EventCategory "9"]

1. e4 e5 2. Nf3 Nc6 3. Bc4 Nf6 4. d3 Be7 5. O-O O-O 6. Re1 d6 7. a4 Na5 8. Ba2
c5 9. Nc3 Nc6 10. Nd2 Bg4 11. f3 Be6 12. Nc4 Nd4 13. Ne3 Nh5 14. Ncd5 Bg5 15.
c3 Nc6 16. g3 g6 17. Ng2 Bxc1 18. Qxc1 Ne7 19. Nge3 Nxd5 20. Nxd5 Nf6 21. Nxf6+
Qxf6 22. Qe3 Bxa2 23. Rxa2 Qe6 24. Raa1 f5 25. f4 Rae8 26. exf5 Qxf5 27. fxe5
Rxe5 28. Qd2 Rfe8 29. Rxe5 Qxe5 30. Rf1 Qe3+ 31. Qf2 Kg7 32. Kg2 Qxf2+ 33. Kxf2
Rf8+ 34. Ke2 Rxf1 35. Kxf1 Kf6 36. Ke2 Kf5 37. Kf3 h5 38. h3 b6 39. Ke3 Ke5 40.
b3 g5 41. d4+ cxd4+ 42. cxd4+ Kf5 43. Kf3 d5 1/2-1/2

[Event "Montreal int. B"]
[Site "Montreal CAN"]
[Date "2006.08.13"]
[Round "6"]
[White "Noritsyn, Nikolay"]
[Black "Roussel-Roozmon, Thomas"]
[Result "1/2-1/2"]
[WhiteElo "2354"]
[BlackElo "2430"]
[PlyCount "99"]
[EventDate "2006.08.08"]
[EventType "tourn"]
[EventRounds "9"]
[EventCountry "CAN"]
[EventCategory "9"]

1. c4 b6 2. Nf3 Bb7 3. g3 Bxf3 4. exf3 c5 5. d4 cxd4 6. Qxd4 Nc6 7. Qd1 e6 8.
Nc3 Rc8 9. Bd2 Nf6 10. f4 Bc5 11. Bg2 O-O 12. O-O d5 13. cxd5 exd5 14. a3 Qd7
15. b4 Be7 16. Rc1 Rfd8 17. Re1 Bf8 18. Qb3 Nd4 19. Qb1 Nb5 20. Nxb5 Qxb5 21.
Rxc8 Rxc8 22. Qf5 Rc7 23. Be3 Qd7 24. Qd3 Rc8 25. h3 a5 26. bxa5 bxa5 27. Bd4
Ne4 28. Be5 Qc6 29. a4 Qxa4 30. Qxd5 Nc5 31. Bf1 Qd7 32. Qa2 a4 33. h4 Nb3 34.
Ba6 Rc1 35. Rxc1 Nxc1 36. Qc2 Nb3 37. Bd3 h6 38. Bh7+ Kh8 39. Bf5 Qb7 40. Be4
Qb4 41. Bd5 Qe1+ 42. Kg2 Nd2 43. Bd4 a3 44. Qc8 Qe7 45. Bxg7+ Kxg7 46. Qc3+ Qf6
47. Qxd2 Bc5 48. Qe2 Qd4 49. Bc4 Kf8 50. Ba2 1/2-1/2

[Event "Montreal int. B"]
[Site "Montreal CAN"]
[Date "2006.08.14"]
[Round "7"]
[White "Roussel-Roozmon, Thomas"]
[Black "Barbeau, Sylvain"]
[Result "1-0"]
[WhiteElo "2430"]
[BlackElo "2398"]
[PlyCount "77"]
[EventDate "2006.08.08"]
[EventType "tourn"]
[EventRounds "9"]
[EventCountry "CAN"]
[EventCategory "9"]

1. Nf3 Nf6 2. c4 g6 3. Nc3 d5 4. Qa4+ Bd7 5. Qb3 dxc4 6. Qxc4 a6 7. d4 b5 8.
Qb3 Nc6 9. Bf4 Bg7 10. e3 O-O 11. Be2 Be6 12. Qd1 Nd5 13. Nxd5 Bxd5 14. O-O Qd7
15. Qc2 f5 16. a4 Rab8 17. axb5 axb5 18. Qc5 h6 19. h4 Nd8 20. Qxc7 Qxc7 21.
Bxc7 Rc8 22. Rfc1 Ne6 23. Be5 b4 24. Bxg7 Kxg7 25. Ne5 g5 26. hxg5 hxg5 27. Nd7
Rxc1+ 28. Rxc1 Rd8 29. Nb6 Bb7 30. Bc4 Rd6 31. Bxe6 Rxe6 32. Nd7 Bd5 33. Nc5
Rc6 34. f3 Kg6 35. Kf2 Rc8 36. Nd3 Rb8 37. Re1 Bb3 38. Rc1 Rb6 39. Rc6+ 1-0

[Event "Montreal int. B"]
[Site "Montreal CAN"]
[Date "2006.08.15"]
[Round "8"]
[White "Arencibia, Walter"]
[Black "Roussel-Roozmon, Thomas"]
[Result "1-0"]
[WhiteElo "2535"]
[BlackElo "2430"]
[PlyCount "63"]
[EventDate "2006.08.08"]
[EventType "tourn"]
[EventRounds "9"]
[EventCountry "CAN"]
[EventCategory "9"]

1. d4 d5 2. c4 c6 3. Nc3 Nf6 4. Nf3 a6 5. e3 e6 6. b3 Nbd7 7. Bb2 Bd6 8. Qc2
Qe7 9. Bd3 dxc4 10. bxc4 e5 11. O-O O-O 12. h3 Re8 13. Ng5 h6 14. Nge4 Nxe4 15.
Nxe4 Bc7 16. Qb3 Nf6 17. Ba3 Qd8 18. d5 cxd5 19. cxd5 b5 20. Rac1 Nxe4 21. Bxe4
Bd6 22. Bxd6 Qxd6 23. Rc6 Qd8 24. Rfc1 Bd7 25. Rc7 Rc8 26. d6 Be6 27. Qa3 Bc4
28. Qc5 Rb8 29. Bd5 Bxd5 30. Qxd5 Qf6 31. d7 Red8 32. Rc8 1-0

[Event "Montreal int. B"]
[Site "Montreal CAN"]
[Date "2006.08.16"]
[Round "9"]
[White "Roussel-Roozmon, Thomas"]
[Black "Likavsky, Tomas"]
[Result "0-1"]
[WhiteElo "2430"]
[BlackElo "2498"]
[PlyCount "130"]
[EventDate "2006.08.08"]
[EventType "tourn"]
[EventRounds "9"]
[EventCountry "CAN"]
[EventCategory "9"]

1. Nf3 Nf6 2. c4 g6 3. Nc3 Bg7 4. e4 d6 5. d4 O-O 6. Be2 Nbd7 7. O-O e5 8. Qc2
c6 9. d5 c5 10. Bg5 Kh8 11. a3 Rg8 12. Ne1 Qf8 13. Qd2 Ne8 14. Nd3 f5 15. f4
Nb6 16. b3 exf4 17. Bxf4 g5 18. Bg3 f4 19. e5 Bf5 20. Nxf4 gxf4 21. Bxf4 Bxe5
22. Bxe5+ dxe5 23. Bd3 Nd6 24. Ne4 Nbc8 25. Qb2 Rg7 26. Nxd6 Nxd6 27. Bxf5 Qe7
28. Be6 Qg5 29. Rae1 e4 30. Rf2 h5 31. Qc3 Kh7 32. Qe3 b6 33. Qf4 Qxf4 34. Rxf4
Re8 35. Kf2 Rg5 36. g3 Kg7 37. Ke3 a6 38. a4 Rb8 39. Ra1 Rb7 40. Ra2 Rb8 41.
Rg2 b5 42. cxb5 axb5 43. a5 Ra8 44. Ra2 Rg6 45. a6 Ra7 46. Bd7 Rf6 47. Bc6 b4
48. Bb7 c4 49. bxc4 Nxc4+ 50. Kd4 b3 51. Ra1 Nd6 52. Rxe4 Nxe4 53. Kxe4 Rb6 54.
Kf5 h4 55. gxh4 b2 56. Rb1 Raxb7 57. axb7 Rxb7 58. Ke6 Rb3 59. d6 Kg6 60. Rg1+
Kh5 61. Rg5+ Kxh4 62. d7 b1=Q 63. d8=Q Rb6+ 64. Kf7 Rb7+ 65. Ke6 Qb6+ 0-1

[Event "CAN-op"]
[Site "Kitchener CAN"]
[Date "2006.07.15"]
[Round "1"]
[White "Roussel-Roozmon, Thomas"]
[Black "Arandia, Henry"]
[Result "1-0"]
[WhiteElo "2430"]
[BlackElo "2035"]
[PlyCount "65"]
[EventDate "2006.07.15"]
[EventType "swiss"]
[EventRounds "9"]
[EventCountry "CAN"]

1. d4 Nf6 2. c4 g6 3. Nc3 Bg7 4. e4 d6 5. Bd3 O-O 6. Nge2 c6 7. O-O a6 8. Bg5
b5 9. a3 Nbd7 10. b4 h6 11. Bh4 bxc4 12. Bxc4 a5 13. b5 c5 14. Rc1 g5 15. Bg3
Nh5 16. a4 e5 17. dxc5 Nxc5 18. f3 Be6 19. Nd5 Nf4 20. Nec3 Kh8 21. Bf2 Rc8 22.
Re1 Rg8 23. Bf1 f5 24. g3 Ng6 25. exf5 Bxf5 26. Ne4 Nb7 27. Rc6 Ne7 28. Nxe7
Qxe7 29. Nxd6 Nxd6 30. Qxd6 Qxd6 31. Rxd6 Bc2 32. Ra6 Ra8 33. Bc4 1-0